000 00469nam a2200193Ia 4500
005 20240823025453.0
008 240823s9999||||xx |||||||||||||| ||und||
020 _a978-81-203-3752-7
041 _aENGLISH
082 _A621.381 P0
100 _a"Choudhury,roy"
245 0 _aMEMS and Moems Technology and Applications
250 _a1st
260 _c2009
_bP H I. New D
500 _aYES
650 _aMEMS&MOEMS
_bElectronics
942 _cBK
999 _c186397
_d186397